Filosofía de la Religión : (Record no. 143757)

MARC details
000 -LEADER
campo de control de longitud fija 01081nam a22002891 4500
001 - NÚMERO DE CONTROL
campo de control 143757
003 - IDENTIFICADOR DE NÚMERO DE CONTROL
campo de control SpMaBN
005 - FECHA Y HORA DE LA ÚLTIMA TRANSACCIÓN
campo de control 20250728103615.0
008 - DATOS DE LONGITUD FIJA--INFORMACIÓN GENERAL
campo de control de longitud fija 981210s1956 ag spa
016 7# - NÚMERO DE CONTROL DE UNA AGENCIA BIBLIOGRÁFICA NACIONAL
Número de control del registro bimoBNE20000214209
Número de control cancelado/no válido IND9800834525
Fuente SpMaBN
035 ## - NÚMERO DE CONTROL DEL SISTEMA
Número de control de sistema (OCoLC)432730913
040 ## - FUENTE DE CATALOGACIÓN
Centro catalogador/agencia de origen SpMaBN
Lengua de catalogación spa
Centro/agencia transcriptor CDM
Centro/agencia modificador ES-MaACL
080 ## - NÚMERO DE LA CLASIFICACIÓN DECIMAL UNIVERSAL
Número de la Clasificación Decimal Universal 21(04)
100 ## - ENTRADA PRINCIPAL--NOMBRE DE PERSONA
Nombre de persona Sheen, Fulton J.
Fechas asociadas al nombre 1895-1979
Número de control del registro de autoridad o número normalizado XX820391
9 (RLIN) 227301
245 10 - MENCIÓN DEL TÍTULO
Título Filosofía de la Religión :
Resto del título El impacto del conocimiento moderno sobre la Religión /
Mención de responsabilidad, etc. Fulton J. Sheen ; [traducción de Guillermo Whitelow y Luis Fabricant]
260 ## - PUBLICACIÓN, DISTRIBUCIÓN, ETC.
Lugar de publicación, distribución, etc. Buenos Aires :
Nombre del editor, distribuidor, etc. Emecé ;
-- Compañía Impresora Argentina,
Fecha de publicación, distribución, etc. 1956]
300 ## - DESCRIPCIÓN FÍSICA
Extensión 385 p., 1 h. ;
Dimensiones 22 cm
650 #4 - PUNTO DE ACCESO ADICIONAL DE MATERIA--TÉRMINO DE MATERIA
Término de materia o nombre geográfico como elemento de entrada Religión-
Subdivisión general Filosofía
9 (RLIN) 16799
700 0# - ENTRADA AGREGADA--NOMBRE PERSONAL
Nombre de persona Fabricant, Luis
9 (RLIN) 48574
700 0# - ENTRADA AGREGADA--NOMBRE PERSONAL
Nombre de persona Whitelow, Guillermo
Fechas asociadas al nombre 1923-2011
9 (RLIN) 227303
852 ## - LOCALIZACIÓN
Ubicación ES-MaACL
Sublocalización o colección R.45147
Ubicación en estantería Mesetón
Número de control de estantería C-16995
itemnumber 148949
942 ## - ELEMENTOS DE ENTRADA SECUNDARIOS (KOHA)
Fuente del sistema de clasificación o colocación Clasificación decimal universal
Tipo de ítem Koha Libro impreso
956 ## - LOCALIZACIÓN Y ACCESO ELECTRÓNICOS LOCAL (OCLC)
Nombre del host 1
980 ## - EQUIVALENCIA O REFERENCIA-CRUZADA-MENCIÓN DE SERIE--NOMBRE DE PERSONA/TÍTULO [LOCAL, CANADÁ]
Nombre de persona Cart.
-- SpMaBN
Numeración BNMADRID
Calificador de atribución HA/29595
Títulos y otros términos asociados al nombre SG_RECOLET
Holdings
Estatus retirado Estado de pérdida Fuente del sistema de clasificación o colocación Estado de daño No para préstamo Biblioteca de origen Biblioteca actual Ubicación en estantería Fecha de adquisición Total de préstamos Signatura topográfica completa Código de barras Visto por última vez Precio de reemplazo Tipo de ítem Koha
    Clasificación decimal universal     Biblioteca del Ateneo de Madrid Biblioteca del Ateneo de Madrid Galería 17/01/2008   C-16995 1149566 23/02/2023 23/02/2023 Libro impreso